| 000 | 00838nam a2200277 a 4500 | ||
|---|---|---|---|
| 001 | 3784621 | ||
| 003 | GBCCL | ||
| 005 | 20241126110404.0 | ||
| 008 | 831102s1983 ii af b 000 0 eng | ||
| 010 | _a 83905070 | ||
| 020 | _cRs125.00 | ||
| 040 |
_aDLC _cDLC _dDLC |
||
| 043 | _aa-ii--- | ||
| 050 | 0 | 0 |
_aNX576.A1 _bN52 1983 |
| 082 | 0 | 0 |
_a700.954 _219 _bNIC |
| 100 | 1 |
_aNicholls, Kathleen D. _93182 |
|
| 245 | 1 | 0 |
_aAsian arts and Christian hope / _cKathleen D. Nicholls. |
| 260 |
_aNew Delhi : _bSelect Books, _c1983. |
||
| 300 |
_axviii, 189 p., [19] leaves of plates : _bill. ; _c24 cm. |
||
| 504 | _aBibliography: p. [186]-189. | ||
| 650 | 0 |
_aArts, Indic. _93183 |
|
| 650 | 0 |
_aChristianity and culture. _9886 |
|
| 650 | 0 |
_aArts, Indic _xInfluence. _93184 |
|
| 906 |
_a7 _bcbc _corignew _d3 _encip _f19 _gy-gencatlg |
||
| 942 |
_2ddc _cBK |
||
| 999 |
_c1571 _d1571 |
||